Finančný trh a investovanie

Pojmy z oblasti finančného trhu a investovania. Investície - reálne, finančné. Investičné nástroje. Základné atribúty: výnos, riziko a likvidita. Optimalizácia atribútov - portfóliové investície. Finančný trh - funkcie. Subjekty finančného trhu. Obchodníci s cennými papiermi a sprostredkovateľ inves...

Ausführliche Beschreibung

Gespeichert in:
Bibliographische Detailangaben
1. Verfasser: Horniaková, Ľubica
Weitere Verfasser: Králik, Jozef
Format: Buchkapitel
Sprache:Slowakisch
Schlagworte:
Tags: Tag hinzufügen
Keine Tags, Fügen Sie das erste Tag hinzu!

MARC

LEADER 00000naa a2200000 4500
001 r046440
005 20230927070236.3
041 0 |a slo 
044 |a SK 
245 1 0 |a Finančný trh a investovanie  |c Ľubica Horniaková, Jozef Králik 
520 |a Pojmy z oblasti finančného trhu a investovania. Investície - reálne, finančné. Investičné nástroje. Základné atribúty: výnos, riziko a likvidita. Optimalizácia atribútov - portfóliové investície. Finančný trh - funkcie. Subjekty finančného trhu. Obchodníci s cennými papiermi a sprostredkovateľ investičných služieb. Kolektívne investovanie. Historický vývoj. Zákon o kolektívnom investovaní. Základné pojmy. 
610 2 0 |a trh finančný 
610 2 0 |a investovanie 
610 2 0 |a investovanie kolektívne 
610 2 0 |a pojmy 
610 2 0 |a investície 
610 2 0 |a investície finančné 
610 2 0 |a výnosy 
610 2 0 |a riziko 
610 2 0 |a likvidita 
610 2 0 |a investori 
610 2 0 |a emitenti 
610 2 0 |a služby investičné 
610 2 0 |a fondy podielové 
100 1 |a Horniaková, Ľubica 
700 1 |a Králik, Jozef